| Поле | Инд. | ПП | Название | Значение |
|---|---|---|---|---|
| Тип записи | a | |||
| Библиографический уровень | m | |||
| 001 | _ | Контрольный номер | RU\infra-m\znanium\bibl\1211645 | |
| 005 | _ | Дата корректировки | 20250915104117.3 | |
| 008 | Кодируемые данные | 201015s2020 RU g rus u | ||
| 020 | a | ISBN | 978-5-98704-444-5 | |
| 040 | a | Служба первич. каталог. | Общество с ограниченной ответственностью «ЗНАНИУМ» | |
| 041 | a | Код языка текста | rus | |
| 044 | a | Код страны публикации | RU | |
| 084 | 2 | Источник индекса | okso | |
| a | Индекс другой классификации/Индекс ББК | 41.04.04 | ||
| 084 | 2 | Источник индекса | okso | |
| a | Индекс другой классификации/Индекс ББК | 39.04.01 | ||
| 100 | 1_ | a | Автор | Зерчанинова Татьяна Евгеньевна |
| q | Полное имя | Татьяна Евгеньевна | ||
| 245 | a | Заглавие | Исследование социально-экономических и политических процессов | |
| b | Продолж. заглавия | Учебное пособие | ||
| c | Ответственность | Российская академия народного хозяйства и государственной службы при Президенте РФ | ||
| 260 | a | Место издания | Москва | |
| b | Издательство | Издательская группа "Логос" | ||
| c | Дата издания | 2020 | ||
| 300 | a | Объем | 304 с. | |
| 520 | a | Аннотация | Рассматриваются методология системного анализа социально-экономических и политических процессов, конкретные методы научного исследования, применяющиеся в социальных науках. Особое внимание уделяется методам социологического исследования. Показана возможность использования научных исследований в управленческой практике, в деятельности органов государственной власти и местного самоуправления. Значительное внимание уделено исследованию эффективности управленческих решений. Изложение сопровождается примерами, рисунками и таблицами. Для студентов высших учебных заведений, получающих образование по специальности (направлению) «Государственное и муниципальное управление». Может быть использовано в учебном процессе при подготовке кадров по родственным направлениям и специальностям, а также в системе дополнительного профессионального образования, повышения квалификации и переподготовки государственных и муниципальных служащих. | |
| 521 | a | Примеч. о целев. назн. | ВО - Бакалавриат | |
| 650 | a | Основная рубрика | Политика. Социология | |
| x | Основная подрубрика | Социальная работа. Социальная политика | ||
| 852 | x | Примечание, не предназначенное для пользователя | znanium2022 | |
| 856 | 4_ | a | Имя сервера/домена | znanium.com |
| m | Помощь | ebs_support@infra-m.ru | ||
| n | Местонахождение сервера | НИЦ ИНФРА-М | ||
| u | URL | http://znanium.com/catalog/document?id=367370 | ||
| z | Примечание для пользователя | Участвует в КО | ||
| 856 | 41 | a | Имя сервера/домена | znanium.com |
| d | Путь | /cover/1211 | ||
| f | Электронное имя | 1211645.jpg | ||
| q | Тип электронного формата | image/jpeg | ||
| u | URL | https://znanium.com/cover/1211/1211645.jpg |